000 00566cam a2200193 4500500
005 20260405002227.0
041 _afre
042 _adc
100 1 0 _aSorente, Isabelle
_eauthor
245 0 0 _aUne pratique dangereuse
260 _c2016.
500 _a30
690 _aIsabelle Sorente
690 _aMarc Aurèle
690 _aphilo
690 _aphilosophie
786 0 _nPhilosophie magazine | 100 | 6 | 2016-06-01 | p. 26-26 | 1951-1787
856 4 1 _uhttps://shs.cairn.info/magazine-philosophie-magazine-2016-6-page-26?lang=fr&redirect-ssocas=7080
999 _c2055590
_d2055590